| 000 | 00454nam a2200157 i 4500 | ||
|---|---|---|---|
| 001 | 84759 | ||
| 003 | ES-MaACL | ||
| 005 | 20230906175109.0 | ||
| 007 | t| | ||
| 008 | 041123s1971 sp ||||1| spa d | ||
| 245 | 0 | 0 |
_aJapón, milagro 70 / _c[traducción de Luis Salgado Martínez]. |
| 260 |
_a[Salamanca] : _bAnaya, _c[1971] |
||
| 300 |
_a286 p. : _bil. ; _c18 cm. |
||
| 700 | 1 |
_aSalgado Martínez, Luis. _9101903 |
|
| 852 |
_aES-MaACL _jC-40420 _bR.78729 |
||
| 999 |
_c84759 _d84759 |
||